Reformas electorales y cambio político
保存先:
| フォーマット: | テキスト |
|---|---|
| 主題: | |
| タグ: |
タグ追加
タグなし, このレコードへの初めてのタグを付けませんか!
|
MARC
| LEADER | 00000 a a2200000 04500 | ||
|---|---|---|---|
| 001 | 6586 | ||
| 003 | |||
| 040 | |||
| 245 | |a Reformas electorales y cambio político | ||
| 650 | |a REFORMA POLITICA | ||
| 650 | |a ELECCIONES | ||
| 773 | |g volumen 23, número 1006; páginas 4-5 | ||
| 999 | |c 32102 |d 32102 | ||
